000
00246nam a22001097a 4500
082
_a
808.066 SKR'C
100
_a
SKLARE, A. B
_9
57554
245
_a
CREATIVE REPORT WRITING
260
_a
NEWYORK
_b
MCGRAW HILL
_c
1964
300
_a
428P
942
_c
BK
999
_c
567824
_d
567824